| 000 | 00610nam a2200205 a 4500 | ||
|---|---|---|---|
| 005 | 20210223121530.0 | ||
| 008 | 991125s1987 mx 000 0 spa u | ||
| 020 | _a9688220671 | ||
| 035 | _aUPN01000019536 | ||
| 049 | _aSEP | ||
| 050 | 4 |
_aF1219.3 M5 _bA4.3 |
|
| 100 | 1 | _aAlvarez Heydenreich, Laurencia | |
| 245 | 1 | 3 |
_aLa enfermedad y la cosmovisión en Hueyapan, Morelos / _cLaurencia Alvarez Heydenreich. |
| 260 |
_aMéxico : _bINI, _c1987. |
||
| 300 |
_a304 p. : _bil. |
||
| 440 | 0 |
_aINI. _pAntropología social ; _v74 |
|
| 650 | 4 |
_aMEDICINA NAHUA _910020 |
|
| 651 | 4 | _aHUEYAPAN, MORELOS | |
| 905 | _aLibro | ||
| 999 |
_c19536 _d19536 |
||